[Event "HUN-chT2 Charousek 1819"]
[Site "Hungary"]
[Date "2019.01.27"]
[Round "6.11"]
[White "Pasti, Anna"]
[Black "Biro, Laszlo"]
[Result "1-0"]
[WhiteElo "1861"]
[BlackElo "1993"]
[PlyCount "93"]
[EventDate "2018.09.23"]
[EventType "team-tourn"]
[EventRounds "11"]
[EventCountry "HUN"]
[SourceTitle "CBM 189 Extra"]
[Source "ChessBase"]
[SourceDate "2019.06.03"]
[SourceVersion "1"]
[SourceVersionDate "2019.06.03"]
[SourceQuality "1"]
[WhiteTeam "Biatorbagy"]
[BlackTeam "Budapest HUSI"]
[WhiteTeamCountry "HUN"]
[BlackTeamCountry "HUN"]

1. e4 d5 2. exd5 Qxd5 3. Nc3 Qd8 4. d4 Nf6 5. h3 c6 6. Nf3 Bf5 7. Bc4 e6 8. Qe2 h6 9. g4 Bh7 10. Ne5 Qe7 11. Bf4 Nbd7 12. 0-0-0 Nb6 13. Bb3 Nbd5 14. Nxd5 exd5 15. Rhe1 g5 16. Bh2 0-0-0 17. Nxc6 bxc6 18. Qxe7 Bxe7 19. Rxe7 Rd7 20. Re3 Ne4 21. Ba4 f5 22. Bxc6 Rdd8 23. Be5 Rhe8 24. Rb3 Rxe5 25. dxe5 fxg4 26. Bxd5 Re8 27. Bb7+ Kc7 28. Ba6 Bg6 29. hxg4 Rxe5 30. Re1 Ra5 31. Bd3 Rxa2 32. Bxe4 Ra1+ 33. Kd2 Rxe1 34. Kxe1 Bxe4 35. Rh3 Kd6 36. Rxh6+ Ke5 37. Ra6 Bxc2 38. Rxa7 Kf4 39. Kd2 Bb3 40. Ra3 Be6 41. f3 Bd5 42. Ke2 Bc4+ 43. Kf2 Bb5 44. Ra5 Bd3 45. b4 Bb5 46. Ra8 Bc6 47. Rf8+ 1-0

[Event "HUN-chT 1415"]
[Site "Hungary"]
[Date "2015.03.01"]
[Round "7.3"]
[White "Ruck, Robert"]
[Black "Biro, Laszlo"]
[Result "1/2-1/2"]
[WhiteElo "2568"]
[BlackElo "1994"]
[PlyCount "60"]
[EventDate "2014.10.12"]
[EventType "team-tourn"]
[EventRounds "9"]
[EventCountry "HUN"]
[SourceTitle "EXT 2016"]
[Source "ChessBase"]
[SourceDate "2015.10.08"]
[SourceVersion "1"]
[SourceVersionDate "2015.10.08"]
[SourceQuality "1"]
[WhiteTeam "HVSE Infraplan"]
[BlackTeam "Husi"]
[WhiteTeamCountry "HUN"]
[BlackTeamCountry "HUN"]

1. e4 d5 2. exd5 Qxd5 3. Nc3 Qd6 4. d4 Nf6 5. Nf3 c6 6. Be2 Bf5 7. 0-0 e6 8. Ne5 Nbd7 9. Bf4 Nd5 10. Nxd5 Nxe5 11. Bxe5 Qxd5 12. c4 Qd7 13. Qb3 f6 14. Bg3 Be7 15. d5 e5 16. Rfd1 c5 17. Bf3 Bd6 18. Re1 0-0 19. Rad1 Rab8 20. Be2 b6 21. Bd3 Bxd3 22. Qxd3 b5 23. b3 bxc4 24. Qxc4 Rb4 25. Qc2 Rd4 26. f3 Qf7 27. Bf2 Rxd5 28. Rxd5 Qxd5 29. Rd1 Qe6 30. Bxc5 Bxc5+ 1/2-1/2

[Event "Budapest-chT1 Lilienthal 1314"]
[Site "Budapest"]
[Date "2013.09.29"]
[Round "1"]
[White "Sipos, Tibor"]
[Black "Biro, Laszlo"]
[Result "1/2-1/2"]
[WhiteElo "2087"]
[BlackElo "1974"]
[PlyCount "38"]
[EventDate "2013.09.29"]
[EventType "team-tourn"]
[EventRounds "11"]
[EventCountry "HUN"]
[SourceTitle "EXT 2021"]
[Source "ChessBase"]
[SourceDate "2020.10.23"]
[SourceVersion "1"]
[SourceVersionDate "2020.10.23"]
[SourceQuality "1"]
[WhiteTeam "Budapest Vasas II"]
[BlackTeam "Budapest HUSI II"]
[WhiteTeamCountry "HUN"]
[BlackTeamCountry "HUN"]

1. e4 e5 2. Nf3 Nc6 3. Bb5 f5 4. d3 fxe4 5. dxe4 Nf6 6. 0-0 d6 7. Nc3 Bg4 8. h3 Bh5 9. a4 Be7 10. Be3 Qd7 11. Be2 Bg6 12. Bd3 0-0 13. Nh4 Bh5 14. Be2 Bxe2 15. Qxe2 Kh8 16. Nf3 Rae8 17. Rfd1 Bd8 18. Na2 Qf7 19. Qb5 Nh5 1/2-1/2

[Event "Budapest-chT1 Lilienthal 1011"]
[Site "Budapest"]
[Date "2011.03.20"]
[Round "11"]
[White "Kovacs, Gabor2222"]
[Black "Biro, Laszlo"]
[Result "1/2-1/2"]
[WhiteElo "2179"]
[BlackElo "2031"]
[PlyCount "92"]
[EventDate "2010.09.19"]
[EventType "team-tourn"]
[EventRounds "11"]
[EventCountry "HUN"]
[SourceTitle "EXT 2020"]
[Source "ChessBase"]
[SourceDate "2019.10.17"]
[SourceVersion "1"]
[SourceVersionDate "2019.10.17"]
[SourceQuality "1"]
[WhiteTeam "Budapest Vasas II"]
[BlackTeam "Budapest HUSI II"]
[WhiteTeamCountry "HUN"]
[BlackTeamCountry "HUN"]

1. e4 d5 2. exd5 Nf6 3. d4 Bg4 4. Be2 Bxe2 5. Qxe2 Qxd5 6. Nf3 e6 7. 0-0 Nc6 8. c4 Nxd4 9. Nxd4 Qxd4 10. Be3 Qh4 11. h3 Be7 12. Nc3 a6 13. Qf3 0-0-0 14. Qe2 g5 15. f3 Bd6 16. Bf2 Qf4 17. g3 Qf5 18. Kg2 h5 19. Qe3 h4 20. g4 Qf4 21. Qxf4 Bxf4 22. Rad1 Rxd1 23. Rxd1 Rd8 24. b3 Rxd1 25. Nxd1 Nd7 26. Kf1 Ne5 27. Ke2 Bc1 28. Nc3 Ng6 29. Kd1 Nf4 30. Ne4 Nxh3 31. Kxc1 f5 32. Be3 fxe4 33. fxe4 Kd7 34. Kd2 Kd6 35. Ke2 Ke5 36. Kf3 Nf4 37. a3 c6 38. c5 h3 39. Bxf4+ gxf4 40. g5 h2 41. Kg2 f3+ 42. Kxh2 Kxe4 43. g6 Ke3 44. g7 f2 45. g8Q f1Q 46. Qxe6+ Kd4 1/2-1/2

[Event "Budapest-chT1 Lilienthal 1011"]
[Site "Budapest"]
[Date "2010.10.31"]
[Round "3"]
[White "Metaxasz, Vaszilisz"]
[Black "Biro, Laszlo"]
[Result "1-0"]
[WhiteElo "2140"]
[BlackElo "2031"]
[PlyCount "103"]
[EventDate "2010.09.19"]
[EventType "team-tourn"]
[EventRounds "11"]
[EventCountry "HUN"]
[SourceTitle "EXT 2020"]
[Source "ChessBase"]
[SourceDate "2019.10.17"]
[SourceVersion "1"]
[SourceVersionDate "2019.10.17"]
[SourceQuality "1"]
[WhiteTeam "Taban Spartacus II"]
[BlackTeam "Budapest HUSI II"]
[WhiteTeamCountry "HUN"]
[BlackTeamCountry "HUN"]

1. c4 f5 2. g3 e5 3. Bg2 Nf6 4. Nc3 Bc5 5. e3 0-0 6. Nge2 d6 7. d4 Bb4 8. 0-0 Bxc3 9. Nxc3 c6 10. dxe5 dxe5 11. e4 Nxe4 12. Nxe4 fxe4 13. Bxe4 Qf6 14. Be3 Bf5 15. Qc2 Nd7 16. Rad1 Nb6 17. b3 Bxe4 18. Qxe4 Qf5 19. Qxf5 Rxf5 20. a4 e4 21. Rd6 Re8 22. Rfd1 Rfe5 23. Bf4 Rf5 24. h4 Kf7 25. Rd8 Ke7 26. Bg5+ Kf7 27. Rxe8 Kxe8 28. Rd8+ Kf7 29. Rb8 Ke6 30. Rxb7 Rf7 31. Rxf7 Kxf7 32. Be3 Nc8 33. Bc5 Ke6 34. Kf1 Kf5 35. Ke2 h5 36. Ke3 g6 37. b4 Ke5 38. Bd4+ Kf5 39. Bc5 Ke5 40. a5 a6 41. Bf8 Na7 42. Bg7+ Kf5 43. Kd4 Nc8 44. Bf8 Na7 45. Kc5 Kg4 46. Kb6 Nc8+ 47. Kb7 Kf3 48. Bc5 Nd6+ 49. Bxd6 Kxf2 50. Kxc6 e3 51. Bc5 Kf3 52. Bxe3 1-0

[Event "HUN-chT2 Charousek 0506"]
[Site "Hungary"]
[Date "2005.10.16"]
[Round "1"]
[White "Biro, Laszlo"]
[Black "Horvath, Imre2222"]
[Result "1/2-1/2"]
[WhiteElo "2130"]
[BlackElo "2024"]
[PlyCount "104"]
[EventDate "2005.10.16"]
[EventType "team"]
[EventRounds "11"]
[EventCountry "HUN"]
[SourceTitle "EXT 2009"]
[Source "ChessBase"]
[SourceDate "2008.11.26"]
[SourceVersion "1"]
[SourceVersionDate "2008.11.26"]
[SourceQuality "1"]
[WhiteTeam "Husi"]
[BlackTeam "Szentgotthard"]
[WhiteTeamCountry "HUN"]
[BlackTeamCountry "HUN"]

1. d4 g6 2. c4 c6 3. Nc3 Bg7 4. Nf3 Nf6 5. g3 0-0 6. Bg2 d5 7. Qb3 dxc4 8. Qxc4 Nbd7 9. 0-0 Nb6 10. Qd3 Be6 11. Rd1 Bc4 12. Qc2 Nbd5 13. Ne5 Nxc3 14. bxc3 Ba6 15. Ba3 Re8 16. e3 Nd7 17. Nd3 Bc4 18. Bh3 e6 19. Nb2 Ba6 20. Bg2 Qg5 21. Bd6 Rac8 22. Qa4 Qh5 23. Rd2 e5 24. Qa5 Re6 25. Bb4 Rce8 26. Nd3 Nb6 27. Nb2 Qh6 28. Bc5 exd4 29. cxd4 Nc8 30. Qc7 Ne7 31. Bxe7 R6xe7 32. Qf4 Qh5 33. Qf3 Qa5 34. Qd1 Qa3 35. Qb3 Qa5 36. Rad1 Bh6 37. Rc2 Qh5 38. Rc5 Qg4 39. h3 Qd7 40. Nd3 Bxd3 41. Qxd3 Bf8 42. Rc3 Rd8 43. Kh2 Qd6 44. Rdc1 h5 45. h4 Bg7 46. Qc4 Bf6 47. Qc5 Qb8 48. Kg1 Kg7 49. Rb1 Qa8 50. Ra3 a6 51. Rab3 Rdd7 52. Bf3 Qd8 1/2-1/2

[Event "HUN-chT2 Charousek 0405"]
[Site "Hungary"]
[Date "2004.12.05"]
[Round "4"]
[White "Majdanics, Antal"]
[Black "Biro, Laszlo"]
[Result "1/2-1/2"]
[WhiteElo "2157"]
[BlackElo "2137"]
[PlyCount "44"]
[EventDate "2004.09.26"]
[EventType "team"]
[EventRounds "11"]
[EventCountry "HUN"]
[SourceTitle "EXT 2008"]
[Source "ChessBase"]
[SourceDate "2007.11.25"]
[SourceVersion "1"]
[SourceVersionDate "2007.11.25"]
[SourceQuality "1"]
[WhiteTeam "Gyor Elektromos"]
[BlackTeam "Husi"]
[WhiteTeamCountry "HUN"]
[BlackTeamCountry "HUN"]

1. e4 d5 2. exd5 Nf6 3. Bb5+ Bd7 4. Bc4 b5 5. Bb3 Bg4 6. f3 Bc8 7. Qe2 a6 8. a4 b4 9. c4 bxc3 10. dxc3 Nxd5 11. Na3 e6 12. Nh3 Bc5 13. Bg5 Nf6 14. Rd1 Qe7 15. Nc4 0-0 16. Nf2 h6 17. Bc1 a5 18. Bc2 Nbd7 19. Ne4 Ba6 20. Bd3 Nd5 21. Ne5 Bxd3 22. Nxd3 Bd6 1/2-1/2

[Event "HUN-chT2 Charousek 0405"]
[Site "Hungary"]
[Date "2004.11.21"]
[Round "3"]
[White "Biro, Laszlo"]
[Black "Katai, David"]
[Result "0-1"]
[WhiteElo "2137"]
[BlackElo "2150"]
[PlyCount "64"]
[EventDate "2004.09.26"]
[EventType "team"]
[EventRounds "11"]
[EventCountry "HUN"]
[SourceTitle "EXT 2008"]
[Source "ChessBase"]
[SourceDate "2007.11.25"]
[SourceVersion "1"]
[SourceVersionDate "2007.11.25"]
[SourceQuality "1"]
[WhiteTeam "Husi"]
[BlackTeam "Szenna Pack"]
[WhiteTeamCountry "HUN"]
[BlackTeamCountry "HUN"]

1. d4 Nf6 2. c4 g6 3. Nc3 Bg7 4. e4 d6 5. Be2 0-0 6. Bg5 c5 7. d5 h6 8. Be3 e6 9. f3 exd5 10. cxd5 Na6 11. Qd2 Kh7 12. g4 Nd7 13. h4 Ne5 14. h5 g5 15. Nh3 Bd7 16. 0-0-0 Qa5 17. Rdg1 b5 18. Kb1 b4 19. Nd1 c4 20. Bd4 c3 21. bxc3 bxc3 22. Bxc3 Rab8+ 23. Ka1 Nxf3 24. Bxf3 Rfc8 25. e5 Bxe5 26. Rg3 Rxc3 27. Be4+ f5 28. Nxc3 Bxg3 29. gxf5 Be5 30. f6+ Kg8 31. Rc1 Bxh3 32. f7+ Kf8 0-1

[Event "HUN-chT2 Charousek 0304"]
[Site "Hungary"]
[Date "2003.11.30"]
[Round "4"]
[White "Demeny, Antal"]
[Black "Biro, Laszlo"]
[Result "0-1"]
[WhiteElo "2164"]
[BlackElo "2107"]
[PlyCount "114"]
[EventDate "2003.09.28"]
[EventType "team"]
[EventRounds "11"]
[EventCountry "HUN"]
[SourceTitle "EXT 2005"]
[Source "ChessBase"]
[SourceDate "2004.11.15"]
[SourceVersion "1"]
[SourceVersionDate "2004.11.15"]
[SourceQuality "1"]

1. d4 Nf6 2. c4 Nc6 3. Nf3 e6 4. Nc3 Bb4 5. Qc2 h6 6. e4 Bxc3+ 7. bxc3 d6 8. Ba3 Nd7 9. Be2 Qf6 10. 0-0 e5 11. Rad1 0-0 12. dxe5 Ncxe5 13. Nxe5 Qxe5 14. f4 Qe6 15. Bf3 Re8 16. e5 dxe5 17. Bd5 Qb6+ 18. Kh1 e4 19. Bxe4 Nf6 20. Bf3 Bg4 21. Bc1 Bxf3 22. Rxf3 Qe6 23. Qb3 Qc6 24. Qb5 Qxb5 25. cxb5 Re2 26. a3 Rae8 27. Kg1 Rc2 28. Rfd3 Ree2 29. R3d2 Rexd2 30. Bxd2 Ne4 31. Be1 Nxc3 32. Rd8+ Kh7 33. Bxc3 Rxc3 34. Rd7 Kg6 35. a4 Kf6 36. f5 a6 37. b6 cxb6 38. Rxb7 Rc6 39. g4 g6 40. Kf2 gxf5 41. gxf5 Kxf5 42. Rxf7+ Rf6 43. Ra7 Ke4+ 44. Ke2 a5 45. Rd7 Rc6 46. h4 Rc2+ 47. Kd1 Rc4 48. Ke2 Rxa4 49. Rd6 Ra2+ 50. Kd1 b5 51. Rxh6 Kd3 52. Rd6+ Kc3 53. Rc6+ Kb3 54. h5 Rh2 55. h6 b4 56. Rg6 Ka3 57. Rg5 a4 0-1

[Event "HUN-chT2 Maroczy 0203"]
[Site "Hungary"]
[Date "2003.01.19"]
[Round "5.11"]
[White "Kis, Jozsef"]
[Black "Biro, Laszlo"]
[Result "1/2-1/2"]
[WhiteElo "2128"]
[BlackElo "2112"]
[PlyCount "25"]
[EventDate "2002.09.22"]
[EventType "team"]
[EventRounds "11"]
[EventCountry "HUN"]
[SourceTitle "EXT 2004"]
[Source "ChessBase"]
[SourceDate "2003.11.25"]
[SourceVersion "1"]
[SourceVersionDate "2003.11.25"]
[SourceQuality "1"]
[WhiteTeam "Matra"]
[BlackTeam "Foti"]
[WhiteTeamCountry "HUN"]
[BlackTeamCountry "HUN"]

1. Nf3 d5 2. c4 c6 3. b3 Bf5 4. Bb2 e6 5. g3 h6 6. Bg2 Nf6 7. 0-0 Nbd7 8. d3 Bc5 9. Nbd2 0-0 10. Rc1 Qe7 11. Nd4 Bg6 12. e4 Rac8 13. Nc2 1/2-1/2

[Event "HUN-chT2 Maroczy 0203"]
[Site "Hungary"]
[Date "2002.09.22"]
[Round "1.12"]
[White "Biro, Laszlo"]
[Black "Szoboszlai, Zita"]
[Result "1/2-1/2"]
[WhiteElo "2112"]
[BlackElo "2021"]
[PlyCount "120"]
[EventDate "2002.09.22"]
[EventType "team"]
[EventRounds "11"]
[EventCountry "HUN"]
[SourceTitle "EXT 2004"]
[Source "ChessBase"]
[SourceDate "2003.11.25"]
[SourceVersion "1"]
[SourceVersionDate "2003.11.25"]
[SourceQuality "1"]
[WhiteTeam "Foti"]
[BlackTeam "BIOGAL SE"]
[WhiteTeamCountry "HUN"]
[BlackTeamCountry "HUN"]

1. d4 d6 2. c4 e5 3. dxe5 dxe5 4. Qxd8+ Kxd8 5. Nc3 c6 6. Nf3 f6 7. a3 Be6 8. e4 a5 9. Na4 Nd7 10. Be3 g5 11. Nd2 Nh6 12. h3 Nf7 13. c5 h5 14. Bc4 Bxc4 15. Nxc4 Kc7 16. 0-0 Be7 17. Rfd1 Nf8 18. Bd2 Ne6 19. Bxa5+ Rxa5 20. Nxa5 Bxc5 21. Nxc5 Nxc5 22. b4 Nxe4 23. Nxb7 Nc3 24. Rd3 Ne2+ 25. Kf1 Nd4 26. Nc5 Nd6 27. Nb3 N6b5 28. a4 Nxb3 29. Rxb3 Nd4 30. Rc3 Kb6 31. Ra2 Rd8 32. f3 Rd5 33. Ke1 Rd7 34. Rc5 Rd6 35. Rd2 Re6 36. Rd3 Rd6 37. Rcc3 Re6 38. Rc4 Rd6 39. Kd2 Rd5 40. Rcc3 Rd6 41. Ke3 Rd5 42. g4 h4 43. Rd2 f5 44. Rcd3 c5 45. bxc5+ Kxc5 46. Rc3+ Kb4 47. Rc8 fxg4 48. fxg4 Ra5 49. Rxd4+ exd4+ 50. Kxd4 Ra7 51. Rc5 Rf7 52. Rxg5 Rf3 53. Rh5 Rxh3 54. Ke5 Rh1 55. g5 h3 56. g6 h2 57. g7 Rg1 58. Kf6 Rf1+ 59. Ke7 Rg1 60. Rh4+ Ka5 1/2-1/2

[Event "HUN-chT2 0102"]
[Site "Hungary"]
[Date "2002.03.03"]
[Round "8"]
[White "Biro, Laszlo"]
[Black "Nagy, Lajos"]
[Result "1/2-1/2"]
[WhiteElo "2098"]
[BlackElo "1994"]
[PlyCount "31"]
[EventDate "2001.??.??"]
[EventType "team"]
[EventRounds "11"]
[EventCountry "HUN"]
[SourceTitle "EXT 2004"]
[Source "ChessBase"]
[SourceDate "2003.11.25"]
[SourceVersion "1"]
[SourceVersionDate "2003.11.25"]
[SourceQuality "1"]

1. e4 e5 2. Nf3 Nc6 3. Nc3 Nf6 4. Bb5 Nd4 5. Nxd4 exd4 6. e5 dxc3 7. exf6 Qxf6 8. dxc3 c6 9. Bd3 d5 10. Be3 Bd6 11. Qh5 h6 12. 0-0-0 0-0 13. Kb1 Be6 14. Bd4 Qg5 15. Qxg5 hxg5 16. Rde1 1/2-1/2

[Event "HUN-chT2 0102"]
[Site "Hungary"]
[Date "2002.01.27"]
[Round "6"]
[White "Biro, Laszlo"]
[Black "Horvath, Tamas3333"]
[Result "1-0"]
[WhiteElo "2098"]
[BlackElo "2068"]
[PlyCount "63"]
[EventDate "2001.??.??"]
[EventType "team"]
[EventRounds "11"]
[EventCountry "HUN"]
[SourceTitle "EXT 2004"]
[Source "ChessBase"]
[SourceDate "2003.11.25"]
[SourceVersion "1"]
[SourceVersionDate "2003.11.25"]
[SourceQuality "1"]

1. d4 Nf6 2. c4 e6 3. Nc3 Bb4 4. Qc2 0-0 5. Nf3 b6 6. Bg5 Bb7 7. e3 d6 8. Bd3 h6 9. Bh4 Nbd7 10. a3 Bxc3+ 11. Qxc3 Rc8 12. 0-0 c5 13. Rac1 d5 14. Rfd1 Qe7 15. cxd5 Bxd5 16. e4 g5 17. exd5 gxh4 18. dxe6 fxe6 19. Qd2 Qg7 20. Bc4 Nd5 21. Bxd5 exd5 22. Nxh4 cxd4 23. Rxc8 Rxc8 24. Nf5 Qf6 25. Nxh6+ Kh7 26. Ng4 Qg7 27. h3 Rc4 28. Re1 Rc6 29. Qd3+ Kg8 30. Qf5 Qf7 31. Qg5+ Kh8 32. Re7 1-0

[Event "HUN-chT2 0102"]
[Site "Hungary"]
[Date "2001.11.18"]
[Round "3"]
[White "Herendi, Robert"]
[Black "Biro, Laszlo"]
[Result "0-1"]
[WhiteElo "2131"]
[BlackElo "2098"]
[PlyCount "52"]
[EventDate "2001.??.??"]
[EventType "team"]
[EventRounds "11"]
[EventCountry "HUN"]
[SourceTitle "EXT 2004"]
[Source "ChessBase"]
[SourceDate "2003.11.25"]
[SourceVersion "1"]
[SourceVersionDate "2003.11.25"]
[SourceQuality "1"]

1. Nf3 c5 2. g3 d5 3. Bg2 Nc6 4. 0-0 e5 5. b3 f6 6. Bb2 Be6 7. d3 Qd7 8. Nc3 0-0-0 9. Re1 g5 10. e4 d4 11. Nd5 h5 12. c4 dxc3 13. Bxc3 h4 14. Rc1 hxg3 15. fxg3 Kb8 16. Nxf6 Nxf6 17. Nxe5 Qh7 18. Nxc6+ bxc6 19. Bxf6 Qxh2+ 20. Kf1 Bd6 21. e5 Rdf8 22. Qf3 Bd5 23. Re4 Kb7 24. Qf5 Bc7 25. Rxc5 Qxg3 26. Rxd5 cxd5 0-1

[Event "HUN-chT2 0102"]
[Site "Hungary"]
[Date "2001.10.14"]
[Round "2"]
[White "Biro, Laszlo"]
[Black "Albert, Kornelia"]
[Result "1/2-1/2"]
[WhiteElo "2098"]
[BlackElo "2113"]
[PlyCount "61"]
[EventDate "2001.??.??"]
[EventType "team"]
[EventRounds "11"]
[EventCountry "HUN"]
[SourceTitle "EXT 2004"]
[Source "ChessBase"]
[SourceDate "2003.11.25"]
[SourceVersion "1"]
[SourceVersionDate "2003.11.25"]
[SourceQuality "1"]

1. d4 d5 2. c4 e6 3. Nc3 Nf6 4. Nf3 c6 5. cxd5 exd5 6. Bg5 Be7 7. e3 Ne4 8. Bxe7 Qxe7 9. Bd3 Nd7 10. 0-0 f5 11. Re1 0-0 12. Nd2 Ndf6 13. f3 Nxd2 14. Qxd2 Qd6 15. Rab1 Be6 16. b4 Nd7 17. Bf1 b6 18. e4 dxe4 19. fxe4 fxe4 20. Nxe4 Qd5 21. Nc3 Qf5 22. Bd3 Qf6 23. Be4 Bf5 24. Rf1 Qg6 25. Rxf5 Rxf5 26. Bxf5 Qxf5 27. Rf1 Qh5 28. d5 cxd5 29. Qxd5+ Qxd5 30. Nxd5 Ne5 31. Rc1 1/2-1/2